Sports Quiz

Random Sports or Country Quiz

UEFA Europa League Finalists Quiz Stats

Quiz not verified by Sporcle

Challenge
Share
Tweet
Embed
Score 0/94 Timer 10:00
2 Plays Today
Year Club % Correct
1972-73Liverpool
97.7%
1975-76Liverpool
97.7%
2000-01Liverpool
97.7%
2015-16Liverpool
97.7%
2016-17Manchester United
97.6%
2016-17Ajax
97.3%
2005-06Sevilla
96.5%
2006-07Sevilla
96.5%
2013-14Sevilla
96.5%
2014-15Sevilla
96.5%
2015-16Sevilla
96.5%
2002-03Porto
96.2%
2010-11Porto
96.2%
1991-92Ajax
96.2%
1982-83Benfica
94.8%
2012-13Benfica
94.8%
2013-14Benfica
94.8%
2012-13Chelsea
94.3%
2002-03Celtic
94.1%
2009-10Atlético Madrid
93.1%
2011-12Atlético Madrid
93.1%
1990-91Internazionale
93%
1993-94Internazionale
93%
1996-97Internazionale
93%
1997-98Internazionale
93%
2007-08Rangers
93%
2017-18Atlético Madrid
92.5%
2017-18Olympique de Marseille
92.5%
1976-77Juventus
90.7%
1989-90Juventus
90.7%
1992-93Juventus
90.7%
1994-95Juventus
90.7%
Year Club % Correct
1995-96Bayern München
90.4%
1992-93Borussia Dortmund
90%
2001-02Borussia Dortmund
90%
1999-00Arsenal
89.9%
2004-05Sporting
89.6%
2003-04Valencia
89.1%
1977-78PSV Eindhoven
89%
1973-74Feyenoord
87.4%
2001-02Feyenoord
87.4%
1998-99Olympique de Marseille
86.5%
2003-04Olympique de Marseille
86.5%
1971-72Tottenham Hotspur
85.2%
1973-74Tottenham Hotspur
85.2%
1983-84Tottenham Hotspur
85.2%
2007-08Zenit Saint Petersburg
85.2%
1984-85Real Madrid
83.1%
1985-86Real Madrid
83.1%
2004-05CSKA Moscow
82.7%
1999-00Galatasaray
82.2%
1990-91Roma
81.5%
1997-98Lazio
81%
1976-77Athletic Bilbao
79%
2011-12Athletic Bilbao
79%
2008-09Shakhtar Donetsk
77.9%
1982-83Anderlecht
77.4%
1983-84Anderlecht
77.4%
1994-95Parma
74.8%
1998-99Parma
74.8%
2010-11Braga
74.4%
1996-97Schalke 04
73.8%
1988-89Napoli
73%
2009-10Fulham
72.6%
Year Club % Correct
1981-82Hamburger SV
71.3%
1987-88Bayer Leverkusen
67.5%
2008-09Werder Bremen
66.5%
1989-90Fiorentina
66%
1972-73Borussia Mönchengladbach
64.6%
1974-75Borussia Mönchengladbach
64.6%
1978-79Borussia Mönchengladbach
64.6%
1979-80Borussia Mönchengladbach
64.6%
1981-82Göteborg
60.7%
1986-87Göteborg
60.7%
2014-15Dnipro Dnipropetrovsk
59.1%
1975-76Club Brugge
58.9%
2005-06Middlesbrough
58.7%
1978-79Crvena zvezda
57.6%
1995-96Girondins de Bordeaux
57.6%
2000-01Deportivo Alavés
55.9%
1987-88Español
55.9%
2006-07Espanyol
55.9%
1991-92Torino
54.2%
1980-81AZ Alkmaar
53%
1988-89Stuttgart
52.1%
1980-81Ipswich Town
49.6%
1993-94Casino Salzburg
48.2%
1979-80Eintracht Frankfurt
47.9%
1974-75Twente
46.7%
1985-86Köln
43.3%
1986-87Dundee United
40.8%
1971-72Wolverhampton Wanderers
33.6%
1984-85Videoton
24%
1977-78Bastia
22.3%

You're not logged in!

Compare scores with friends on all Sporcle quizzes.
Join for Free
OR
Log In

You Might Also Like...

Show Comments

Extras

Top Quizzes Today


Score Distribution

Your Account Isn't Verified!

In order to create a playlist on Sporcle, you need to verify the email address you used during registration. Go to your Sporcle Settings to finish the process.

Report this User

Report this user for behavior that violates our Community Guidelines.

Details: